Managerial accounting / (Record no. 345182)

000 -LEADER
fixed length control field 00920 a2200205 4500
020 ## - INTERNATIONAL STANDARD BOOK NUMBER
International Standard Book Number 0070593396
020 ## - INTERNATIONAL STANDARD BOOK NUMBER
International Standard Book Number 9780070593398
082 04 - DEWEY DECIMAL CLASSIFICATION NUMBER
Classification number 658.1511
090 ## - LOCALLY ASSIGNED LC-TYPE CALL NUMBER (OCLC); LOCAL CALL NUMBER (RLIN)
-- 2691
-- 2691
100 1# - MAIN ENTRY--PERSONAL NAME
Personal name Hilton, Ronald W.
245 10 - TITLE STATEMENT
Title Managerial accounting /
Statement of responsibility, etc. Ronald W. Hilton.
250 ## - EDITION STATEMENT
Edition statement 4th ed.
260 ## - PUBLICATION, DISTRIBUTION, ETC.
Place of publication, distribution, etc. [S.l.] :
Name of publisher, distributor, etc. Mcgraw-Hill College,
Date of publication, distribution, etc. 1998.
300 ## - PHYSICAL DESCRIPTION
Extent 816 p. ;
Dimensions 29 cm.
500 ## - GENERAL NOTE
General note Hardcover.
520 ## - SUMMARY, ETC.
Summary, etc. The emphasis of this text is to teach students how to use and interpret accounting information in managing an organization. It includes: coverage of contemporary topics; a balanced use of service/retail/non-profit and manufacturing companies; and a company focus per chapter.
856 40 - ELECTRONIC LOCATION AND ACCESS
Materials specified Amazon.com
Uniform Resource Identifier <a href="http://www.amazon.com/exec/obidos/ASIN/0070593396/chopaconline-20">http://www.amazon.com/exec/obidos/ASIN/0070593396/chopaconline-20</a>
856 40 - ELECTRONIC LOCATION AND ACCESS
Materials specified Amazon customer reviews
Uniform Resource Identifier <a href="http://www.chopac.org/cgi-bin/tools/azrev.pl?q=0070593396">http://www.chopac.org/cgi-bin/tools/azrev.pl?q=0070593396</a>
942 ## - ADDED ENTRY ELEMENTS (KOHA)
Institution code [OBSOLETE] NBS
Koha item type Book
Call number prefix 658.1511 HIL
Holdings
Withdrawn status Lost status Damaged status Not for loan Permanent Location Current Location Date acquired Total Checkouts Full call number Barcode Date last seen Price effective from Koha item type
        Central Library (CL) Central Library (CL) 08/28/2013   658.1511 HIL NBS4899 08/28/2013 08/28/2013 Book
© 2023 Central Library, National University of Sciences and Technology. All Rights Reserved.